000 01535nam0a2200337 4500
001 RU\NLR\bibl\1681716
005 20260405212718.0
010 _a978-5-93055-182-2
_9500
021 _aRU
_b2010-66882
_94393
035 _a(NLR Aleph) 001672915
090 _a1052842
_c1052842
100 _a20101004d2010 |||y0rusy50 ca
101 0 _arus
102 _aRU
105 _aa |||||||||
200 1 _aМировая экономика
_eсовременный тренинг
_e[учебник]
_fМинаева Е.В., Зайцева Н.В., Гучкова М.В.
210 _aМосква
_cНациональный институт бизнеса
_d2010
215 _a299 с.
_cил.
_d20
300 _aНа обороте тит. л. авт.: д.э.н., проф. Минаева, доц. Зайцева Н.В., преп. Гучкова М.В.
320 _aБиблиогр.: с. 298-299
606 1 _aМировое хозяйство
_jУчебники для высших учебных заведений
_91186934
_3RU\NLR\auth\66160660
686 _aУ03(0)63я73
700 1 _aМинаева
_bЕ. В.
_gЕлена Вячеславовна
_4070
701 1 _4070
_8rus
_7ca
_aЗайцева
_bН. В.
_cэкономист
_gНаталия Викентьевна
_3RU\NLR\auth\7795791
_978717
701 1 _aГучкова
_bМ. В.
_gМарианна Вячеславовна
_4070
801 0 _aRU
_bNLR
_c20101004
_gRCR
801 1 _aRU
_bNLR
_c20101004
830 _aавт. по кн.
942 _cBOOK
980 _aNB